000 00406nam a22001697a 4500
003 MPLRDC
005 20220104144445.0
008 210129b ||||| |||| 00| 0 eng d
082 _a617 PPG
100 _a彭品光编著
245 _a澎湃怡情集
_c
250 _a初版
260 _a
_b源成文化图书供应社
_c1677
300 _b
650 _a中国史地杂论
942 _cBK
_o617 PPG
999 _c49805
_d49795